Light and Dark Skylanders - Statistics

General Stats
  • This quiz has been taken 45 times
  • The average score is 10 of 10
Answer Stats
Hint Answer % Correct
Trap Master Knight Light
100%
Trap Master Knight Mare
100%
Core Spotlight
100%
SuperCharger Astroblast
97%
Sensei Aurora
97%
Sensei Blaster-Tron
97%
Core Blackout
94%
Sensei Hood Sickle
94%
Sensei Starcast
94%
SuperCharger Nightfall
90%
No matching quizzes found
Score Distribution
Percent of People with Each Score
Percentile by Number Answered
Your Score History
You have not taken this quiz